000 01191cam a2200325 a 4500
001 17365378
003 PILC
005 20150601114004.0
008 120628s2013 mau b 001 0 eng
010 _a 2012024599
020 _a9780262518277 (pbk. : alk. paper)
040 _aDLC
_cDLC
_dDLC
042 _apcc
043 _an-us---
050 0 0 _aHT 243.U6
_b.P853 2013
082 0 0 _a307.76
100 1 _aPortney, Kent E.
245 1 0 _aTaking sustainable cities seriously :
_beconomic development, the environment, and quality of life in American cities /
_cKent E. Portney.
250 _a2nd ed.
260 _aCambridge, Mass. :
_bMIT Press,
_c2013.
300 _axvi, 380 pages ;
_c23 cm.
490 0 _aAmerican and comparative environmental policy
500 _aIncludes bibliographical references and index.
650 0 _aUrban ecology (Sociology)
_zUnited States.
650 0 _aUrban policy
_zUnited States.
650 0 _aSustainable development
_zUnited States.
906 _a7
_bcbc
_corignew
_d1
_eecip
_f20
_gy-gencatlg
942 _2lcc
_cBK
_kFOR
999 _c284558
_d284558